Contact-induced change in a code-copying framework
This chapter aims at an integrative approach to the phenomenon of language interaction, dealing specifically with contact-induced language change within a code-copying framework. It gives a short introduction to this framework, discussing global and selective copying, structural accommodation and ad...
Elmentve itt :
| Szerző: | |
|---|---|
| Dokumentumtípus: | Cikk |
| Megjelent: |
Mouton de Gruyter
Berlin ; New York
2002
|
| Sorozat: | Language change : the interplay of internal, external and extra-linguistic factors / edited by Mari C. Jones, Edith Esch
|
| Kulcsszavak: | Nyelvészet |
| Tárgyszavak: | |
| Online Access: | http://misc.bibl.u-szeged.hu/67955 |
| LEADER | 01426nab a2200241 i 4500 | ||
|---|---|---|---|
| 001 | misc67955 | ||
| 005 | 20240513134942.0 | ||
| 008 | 240207s2002 hu o 000 eng d | ||
| 040 | |a SZTE Miscellanea Repozitórium |b hun | ||
| 041 | |a eng | ||
| 100 | 1 | |a Johanson Lars | |
| 245 | 1 | 0 | |a Contact-induced change in a code-copying framework |h [elektronikus dokumentum] / |c Johanson Lars |
| 260 | |a Mouton de Gruyter |b Berlin ; New York |c 2002 | ||
| 300 | |a 285-313 |c 24 cm | ||
| 300 | |a [29] p. |c 24 cm | ||
| 490 | 0 | |a Language change : the interplay of internal, external and extra-linguistic factors / edited by Mari C. Jones, Edith Esch | |
| 520 | 3 | |a This chapter aims at an integrative approach to the phenomenon of language interaction, dealing specifically with contact-induced language change within a code-copying framework. It gives a short introduction to this framework, discussing global and selective copying, structural accommodation and adaptation, habitualization and conventionalization. The chapter focuses on frame-changing developments through successive copying processes, problems of typological and genetic classification and the roles of code-internal and extra-linguistic factors. | |
| 561 | |a Németh Gyula hagyaték | ||
| 591 | |a OA 6646 | ||
| 650 | 4 | |a Bölcsészettudományok | |
| 650 | 4 | |a Nyelvek és irodalom | |
| 695 | |a Nyelvészet | ||
| 856 | 4 | 0 | |u http://misc.bibl.u-szeged.hu/67955/1/6646_oa.pdf |z Dokumentum-elérés |